Normal view
MARC view
Entry Término temático
001 - NÚMERO DE CONTROL
- campo de control: 28439
003 - IDENTIFICADOR DEL NÚMERO DE CONTROL
- campo de control: FranzMayer
005 - FECHA Y HORA DE LA ÚLTIMA TRANSACCIÓN
- campo de control: 20220711155557.0
008 - DATOS DE LONGITUD FIJA
- campo de control de longitud fija: 220711|| aca||aabn | a|a d
040 ## - FUENTE DE LA CATALOGACIÓN
- Centro catalogador/agencia de origen: FranzMayer
- Centro/agencia transcriptor: FranzMayer
150 ## - ENCABEZAMIENTO--TÉRMINO DE MATERIA
- Término de materia o nombre geográfico como elemento de entrada: Tintes y teñido
- Subdivisión general: Rojo
- Subdivisión general: Colores
- Subdivisión general: Historia
670 ## - FUENTE DE DATOS ENCONTRADOS
- Cita de la fuente: Work cat.: (FranzMayer)10817: Roque, Georges, 1951- autor. 4514, La cochenille, de la teinture à la peinture : , 2021